[Event "9ème Open International de Rouen"]
[Site "Hôtel de Région - 76000 Rouen"]
[Date "2016.12.19"]
[Round "5.35"]
[White "Lefebvre, Willy"]
[Black "Cernettig, Michel"]
[Result "0-1"]
[WhiteElo "1527"]
[BlackElo "1398"]
[PlyCount "69"]
[EventDate "2016.??.??"]

1. e4 c5 2. Na3 a6 3. Nf3 d6 4. c3 Nc6 5. d4 e6 6. dxc5 dxc5 7. Qxd8+ Kxd8
8. Be2 Be7 9. Nc4 b5 10. Nce5 Nxe5 11. Nxe5 Ke8 12. Nc6 Bd6 13. e5 Bc7 14. b4
Bb7 15. Bf3 Ne7 16. Nxe7 Bxf3 17. gxf3 Kxe7 18. Bg5+ f6 19. exf6+ gxf6 20. Be3
c4 21. Bc5+ Kf7 22. O-O-O Rad8 23. Kc2 Rhg8 24. h3 Rxd1 25. Rxd1 Rd8 26. Rd4
Rxd4 27. Bxd4 Kg6 28. Kd2 Bf4+ 29. Be3 Bxe3+ 30. fxe3 Kh5 31. Ke2 Kh4 32. f4
Kxh3 33. Kf3 f5 34. e4 h5 35. e5
{
Feuiiles de partie illisibles, gain Noirs au 43ème coup.} 0-1

[Event "9ème Open International de Rouen"]
[Site "Hôtel de Région - 76000 Rouen"]
[Date "2016.12.19"]
[Round "5.36"]
[White "Ginovart, Camille"]
[Black "Dionisi, Michel"]
[Result "1-0"]
[WhiteElo "1567"]
[BlackElo "1390"]
[PlyCount "97"]
[EventDate "2016.??.??"]

1. d4 d5 2. Nf3 Nf6 3. e3 Bf5 4. c4 c6 5. Be2 Nbd7 6. O-O e6 7. a3 Be7 8. b4
O-O 9. Bb2 Ne4 10. Nbd2 Bf6 11. c5 b6 12. Rc1 Rb8 13. Nxe4 Bxe4 14. Qb3 bxc5
15. dxc5 Re8 16. b5 Bxf3 17. Bxf3 Rxb5 18. Bxf6 Qxf6 19. Qa4 Ra8 20. Be2 Rxc5
21. Rxc5 Nxc5 22. Qxc6 Qd8 23. Qxc5 h6 24. Rc1 Qf6 25. h3 Qb2 26. Bd3 g6
27. Qc3 Qxc3 28. Rxc3 Kg7 29. Rc7 a5 30. Rc6 Ra7 31. Ra6 Rxa6 32. Bxa6 Kf6
33. Bd3 e5 34. Kf1 Kg5 35. Ke2 f5 36. Kd2 d4 37. exd4 exd4 38. Bb5 Kf6 39. Kd3
Ke5 40. f4+ Kxf4 41. Kxd4 g5 42. Kc5 Kg3 43. Bc6 h5 44. Kb5 g4 45. hxg4 fxg4
46. Kxa5 h4 47. Kb5 Kf4 48. a4 Ke5 49. a5 1-0

[Event "9ème Open International de Rouen"]
[Site "Hôtel de Région - 76000 Rouen"]
[Date "2016.12.19"]
[Round "5.37"]
[White "Blondel, Jean-Michel"]
[Black "Ferreira, Loic"]
[Result "1-0"]
[WhiteElo "1369"]
[BlackElo "1441"]
[PlyCount "58"]
[EventDate "2016.??.??"]

1. e4 c5 2. Nf3 Nc6 3. Be2 g6 4. O-O Bg7 5. c3 d6 6. d4 cxd4 7. Nxd4 Nf6
8. Bf3 O-O 9. Nxc6 bxc6 10. Qb3 Bg4 11. Bxg4 Nxg4 12. Nd2 Ne5 13. Qd1 Rb8
14. Nb3 Nc4 15. Qd3 d5 16. exd5 cxd5 17. Rb1 e6 18. Nd4 Ne5 19. Qd1 Qb6 20. Bf4
Rb7 21. Re1 Nc6 22. Nxc6 Qxc6 23. Be5 Bxe5 24. Rxe5 Rfb8 25. Qd2 Qc4 26. b3 Qc7
27. Re2 Rc8 28. Re3 e5 29. Qxd5 Qc5 1-0

[Event "9ème Open International de Rouen"]
[Site "Hôtel de Région - 76000 Rouen"]
[Date "2016.12.19"]
[Round "5.38"]
[White "Piassale, Mael"]
[Black "Pineau, Patrick"]
[Result "0-1"]
[WhiteElo "1281"]
[BlackElo "1433"]
[PlyCount "72"]
[EventDate "2016.??.??"]

1. e4 e5 2. Nf3 d6 3. Bc4 Be7 4. O-O Nf6 5. d3 O-O 6. Be3 Nbd7 7. Nc3 c6
8. Bb3 a6 9. d4 exd4 10. Nxd4 Nc5 11. f3 Nxb3 12. axb3 c5 13. Nde2 b6 14. f4
Bb7 15. Ng3 Ne8 16. Nf5 Bf6 17. Rf3 Bxc3 18. bxc3 Bxe4 19. Nh6+ Kh8 20. Rg3
gxh6 21. Qg4 Qf6 22. Rf1 Bf5 23. Qf3 Ng7 24. Qd5 Rae8 25. Bd2 Re2 26. Be1 Nh5
27. c4 Nxg3 28. hxg3 Be4 29. Qh5 Rxg2+ 30. Kh1 Rxc2+ 31. Kg1 Rg2+ 32. Kh1 Rxg3+
33. Kh2 Rg2+ 34. Kh3 Rfg8 35. Bh4 Bf5+ 36. Qg4 Bxg4+ 0-1

[Event "9ème Open International de Rouen"]
[Site "Hôtel de Région - 76000 Rouen"]
[Date "2016.12.19"]
[Round "5.39"]
[White "Deschuyteneer, Lucien"]
[Black "Ayoub, Alexandre"]
[Result "0-1"]
[WhiteElo "1399"]
[BlackElo "1303"]
[PlyCount "40"]
[EventDate "2016.??.??"]

1. e4 e5 2. Nf3 Nc6 3. Bb5 Bc5 4. c3 d6 5. d3 Nf6 6. O-O O-O 7. Re1 Be6
8. Nbd2 Re8 9. Nf1 a6 10. Ba4 b5 11. Bc2 Bg4 12. h3 Bh5 13. Ng3 Bg6 14. Nh4
Nxe4 15. dxe4 Qxh4 16. Kf1 Re6 17. Qd5 Rf6 18. Be3 Qxg3 19. Kg1 Bxe3 20. fxe3
Rf2 0-1

[Event "9ème Open International de Rouen"]
[Site "Hôtel de Région - 76000 Rouen"]
[Date "2016.12.19"]
[Round "5.40"]
[White "Panier, Yves"]
[Black "Lormier, Vincent"]
[Result "0-1"]
[WhiteElo "1160"]
[BlackElo "1399"]
[PlyCount "86"]
[EventDate "2016.??.??"]

1. d4 Nf6 2. Nf3 d5 3. e3 Bg4 4. c4 e6 5. Nc3 Bb4 6. Bd3 Ne4 7. Bd2 Bxc3
8. Bxc3 O-O 9. O-O Nd7 10. h3 Bh5 11. Be2 Nb6 12. Bb4 Re8 13. b3 a5 14. Ba3 Nc3
15. Qc2 Nxe2+ 16. Qxe2 a4 17. c5 Nd7 18. b4 Nf6 19. g4 Bg6 20. Ne5 Ne4 21. Nxg6
fxg6 22. f3 Ng3 23. Qf2 Nxf1 24. Rxf1 Rf8 25. f4 g5 26. Bc1 Qe8 27. Kh2 a3
28. Bd2 Qb5 29. Rc1 Rf7 30. Kg3 Raf8 31. Rc2 gxf4+ 32. exf4 Qd3+ 33. Be3 Rxf4
34. Rd2 Rxf2 35. Rxd3 Rxa2 36. Bc1 Ra8 37. Re3 Kf7 38. Kf4 Ra1 39. Bd2 Rf1+
40. Ke5 a2 41. Bc3 Ra3 42. g5 Rxc3 43. Rxc3 a1=Q 0-1

[Event "9ème Open International de Rouen"]
[Site "Hôtel de Région - 76000 Rouen"]
[Date "2016.12.19"]
[Round "5.42"]
[White "Bailly, Yannick"]
[Black "Madon, Paul"]
[Result "1-0"]
[WhiteElo "1396"]
[BlackElo "1199"]
[PlyCount "111"]
[EventDate "2016.??.??"]

1. Nf3 d5 2. d4 Bf5 3. e3 e6 4. c4 Bb4+ 5. Bd2 Bd6 6. Nc3 Nf6 7. Qb3 c6 8. c5
Be7 9. Qxb7 Nbd7 10. Qxc6 O-O 11. Qa6 Bxc5 12. dxc5 Nxc5 13. Qa3 Qc8 14. Ne5
Rb8 15. b3 Bc2 16. b4 Nce4 17. Bd3 Qc7 18. Nxe4 Nxe4 19. Rc1 Qxe5 20. Bxc2 Rbc8
21. Bxe4 Rxc1+ 22. Qxc1 Qxe4 23. O-O d4 24. exd4 Qxd4 25. Qc3 Rd8 26. Qxd4 Rxd4
27. Bc3 Rc4 28. Rc1 Rc8 29. a4 f6 30. Kf1 e5 31. Ke2 g5 32. Bd2 Rd8 33. Be3 Rb8
34. b5 f5 35. Bxg5 f4 36. Be7 Kf7 37. Bd6 Re8 38. Rc7+ Ke6 39. Bc5 Kd5 40. Bxa7
Kd6 41. Rc2 e4 42. b6 f3+ 43. gxf3 exf3+ 44. Kxf3 Rf8+ 45. Kg2 Rg8+ 46. Kf1 h5
47. b7 Ke6 48. b8=Q Rxb8 49. Bxb8 Kf5 50. a5 Kg4 51. Bg3 Kh3 52. a6 h4 53. Bxh4
Kxh2 54. Ke2 Kg2 55. Bd8 Kg1 56. a7 1-0

[Event "9ème Open International de Rouen"]
[Site "Hôtel de Région - 76000 Rouen"]
[Date "2016.12.19"]
[Round "5.43"]
[White "Demol, Sylvain"]
[Black "Voegele, Francois-Marie"]
[Result "1/2-1/2"]
[WhiteElo "1250"]
[BlackElo "1130"]
[PlyCount "78"]
[EventDate "2016.??.??"]

1. e4 c5 2. Nf3 Nc6 3. d4 cxd4 4. Nxd4 d6 5. Nc3 Bd7 6. Bc4 e6 7. O-O Be7
8. a3 Nf6 9. f3 O-O 10. Be3 a6 11. Qd2 Re8 12. Nde2 Rb8 13. Bb3 Rc8 14. Kh1 Ra8
15. Bf4 Qb8 16. Nd4 e5 17. Nxc6 bxc6 18. Bg3 Be6 19. Bxe6 fxe6 20. Rab1 Ra7
21. a4 c5 22. b3 Rb7 23. Na2 d5 24. exd5 exd5 25. Rfe1 Bd6 26. Nc3 d4 27. Ne4
Nxe4 28. Rxe4 Rb6 29. f4 exf4 30. Rxe8+ Qxe8 31. Bxf4 Bxf4 32. Qxf4 Re6 33. Qf2
Re5 34. Kg1 Re2 35. Qg3 Re3 36. Qf2 Re2 37. Qg3 Re3 38. Qf2 Re2 39. Qg3 Re3
1/2-1/2

[Event "9ème Open International de Rouen"]
[Site "Hôtel de Région - 76000 Rouen"]
[Date "2016.12.19"]
[Round "5.44"]
[White "Nguyen, Tristan"]
[Black "Garcia, Mael"]
[Result "1-0"]
[WhiteElo "1199"]
[BlackElo "1182"]
[PlyCount "68"]
[EventDate "2016.??.??"]

1. e4 c5 2. Nf3 d6 3. d4 cxd4 4. Nxd4 Nf6 5. Nc3 g6 6. f4 Nc6 7. Nf3 Bg4
8. Bc4 Bg7 9. h3 Bxf3 10. Qxf3 O-O 11. Be3 Nb4 12. Bb3 a6 13. O-O Qd7 14. f5
Rad8 15. fxg6 hxg6 16. Qg3 d5 17. Rad1 Qc6 18. e5 Nh5 19. Qg5 Qe6 20. Bc5 Nc6
21. Bxd5 Qxe5 22. Qxe5 Bxe5 23. Bxc6 Rxd1 24. Rxd1 bxc6 25. Bxe7 Rb8 26. Ba3
Bf4 27. Kf2 Bg3+ 28. Kf3 f5 29. Rd7 f4 30. Re7 Bh4 31. Re6 Rd8 32. Rxg6+ Kf7
33. Rh6 Rd5 34. Nxd5 cxd5 1-0

[Event "9ème Open International de Rouen"]
[Site "Hôtel de Région - 76000 Rouen"]
[Date "2016.12.19"]
[Round "5.45"]
[White "Argouse, Alexandre"]
[Black "Garcia, Frederic"]
[Result "0-1"]
[WhiteElo "1148"]
[BlackElo "1254"]
[PlyCount "36"]
[EventDate "2016.??.??"]

1. e4 e5 2. Nf3 Nc6 3. Bc4 Nf6 4. Ng5 d5 5. exd5 Na5 6. Bb5+ c6 7. dxc6 bxc6
8. Ba4 h6 9. Nf3 e4 10. Qe2 Be7 11. Nd4 Qxd4 12. Bb3 Nxb3 13. axb3 O-O 14. O-O
Re8 15. d3 Bd6 16. Be3 Qe5 17. g3 Bg4 18. Qe1 Bh3 0-1

[Event "9ème Open International de Rouen"]
[Site "Hôtel de Région - 76000 Rouen"]
[Date "2016.12.19"]
[Round "5.46"]
[White "Colin-Chen, Christine"]
[Black "Madon, Clement"]
[Result "1-0"]
[WhiteElo "1359"]
[BlackElo "1168"]
[PlyCount "95"]
[EventDate "2016.??.??"]

1. e4 c5 2. Nf3 Nc6 3. d4 cxd4 4. Nxd4 e5 5. Nb3 Nf6 6. Nc3 Be7 7. Be2 O-O
8. O-O d6 9. h3 Be6 10. Be3 a6 11. a4 Qd7 12. Nd5 Bxd5 13. exd5 Nd8 14. Nd2
Nxd5 15. Nc4 b5 16. Qxd5 bxc4 17. Qxa8 Qf5 18. Rac1 Ne6 19. Qd5 Ng5 20. Bxg5
Bxg5 21. Bxc4 Bxc1 22. Rxc1 Rd8 23. Bxa6 Qf4 24. Re1 Qxa4 25. Bc4 Qa7 26. b3
Qe7 27. Re3 Rc8 28. Kf1 g6 29. Rf3 Rc7 30. b4 Kf8 31. Ra3 Kg7 32. Ra6 Rd7
33. b5 h5 34. Bd3 f5 35. f3 Kh8 36. g3 f4 37. gxf4 exf4 38. Qe4 Qf6 39. c4 h4
40. Ra8+ Kg7 41. b6 Qf7 42. Ra7 Rxa7 43. bxa7 Qxa7 44. Qxg6+ Kf8 45. Qxd6+ Kg8
46. Qg6+ Kf8 47. Qh6+ Ke8 48. Qh8+ 1-0

[Event "9ème Open International de Rouen"]
[Site "ROUEN"]
[Date "2016.12.20"]
[Round "6.1"]
[White "Loiseau, Quentin"]
[Black "Le Roux, Jean-Pierre"]
[Result "1/2-1/2"]
[WhiteElo "2440"]
[BlackElo "2552"]
[PlyCount "36"]
[EventDate "2016.??.??"]

1. Nf3 Nf6 2. c4 g6 3. Nc3 d5 4. cxd5 Nxd5 5. e4 Nxc3 6. dxc3 Qxd1+ 7. Kxd1 f6
8. Kc2 e5 9. Be3 Be6 10. Nd2 Nd7 11. Bc4 Bxc4 12. Nxc4 Bc5 13. b4 Bxe3 14. Nxe3
O-O-O 15. Rhd1 Rhe8 16. f3 Nf8 17. Ng4 Rxd1 18. Rxd1 Re6 1/2-1/2

[Event "9ème Open International de Rouen"]
[Site "ROUEN"]
[Date "2016.12.20"]
[Round "6.3"]
[White "Shchekachev, Andrei"]
[Black "Martine, Jean-Christophe"]
[Result "1-0"]
[WhiteElo "2554"]
[BlackElo "2075"]
[PlyCount "97"]
[EventDate "2016.??.??"]

1. Nf3 Nf6 2. c4 b6 3. Nc3 Bb7 4. d4 e6 5. a3 Ne4 6. Nxe4 Bxe4 7. Nd2 Bb7
8. e4 c5 9. d5 e5 10. Bd3 d6 11. Bc2 Bc8 12. Ba4+ Bd7 13. b4 Bxa4 14. Qxa4+ Qd7
15. Qb3 Na6 16. O-O Be7 17. f4 exf4 18. Bb2 O-O 19. e5 dxe5 20. b5 Nc7 21. Bxe5
Bd6 22. Qc3 f6 23. Bxf4 Bxf4 24. Rxf4 a6 25. bxa6 Rxa6 26. Ne4 Ne8 27. Re1 Ra7
28. Rf3 Qc7 29. Qd2 Nd6 30. Nxd6 Qxd6 31. Re6 Qb8 32. Rb3 Qa8 33. Qe3 b5
34. Rxb5 Rxa3 35. Qxc5 Ra1+ 36. Kf2 Qa2+ 37. Re2 Qa4 38. d6 Rd1 39. Rb7 Qa1
40. d7 Qc1 41. Qxf8+ Kxf8 42. Re8+ Kf7 43. d8=Q+ Kg6 44. Rxg7+ Kxg7 45. Rg8+
Kh6 46. Qf8+ Kh5 47. Qf7+ Kh6 48. Qxf6+ Kh5 49. g4# 1-0

[Event "9ème Open International de Rouen"]
[Site "ROUEN"]
[Date "2016.12.20"]
[Round "6.4"]
[White "Le Bourhis, Dominique"]
[Black "Schmitt, Matthieu"]
[Result "0-1"]
[WhiteElo "2065"]
[BlackElo "1928"]
[PlyCount "124"]
[EventDate "2016.??.??"]

1. Nf3 d5 2. d4 c5 3. c4 cxd4 4. cxd5 Nf6 5. Qa4+ Qd7 6. Qxd4 Qxd5 7. Nc3 Qxd4
8. Nxd4 a6 9. g3 e5 10. Nb3 Bd7 11. Bg2 Bc6 12. O-O Bb4 13. Bd2 Bxg2 14. Kxg2
Nc6 15. a3 Bxc3 16. Bxc3 Ne4 17. Be1 Ke7 18. f3 Ng5 19. Rc1 Ne6 20. Na5 Nxa5
21. Bb4+ Kf6 22. Bxa5 Rhc8 23. Bb6 Ke7 24. Kf2 Rxc1 25. Rxc1 Kd7 26. Ke3 Rc8
27. Rd1+ Ke7 28. Ba5 Nd4 29. Bc3 Nc6 30. f4 f6 31. Ke4 Ke6 32. f5+ Ke7 33. g4
h6 34. Rd3 Rc7 35. Kd5 Ke8 36. Kd6 Kd8 37. Kc5+ Kc8 38. Kd5 Rd7+ 39. Kc5 Rc7
40. Kb6 Nd4 41. Bxd4 exd4 42. Rxd4 Rc2 43. b4 Rc6+ 44. Ka7 Rc7 45. Rd5 Rc6
46. a4 Kc7 47. e4 Rc4 48. Rc5+ Rxc5 49. bxc5 a5 50. h4 Kc6 51. g5 hxg5 52. hxg5
fxg5 53. e5 Kxc5 54. f6 gxf6 55. exf6 Kd6 56. Kxb7 g4 57. Kb6 g3 58. Kxa5 g2
59. Ka6 g1=Q 60. a5 Qg2 61. Ka7 Kc7 62. a6 Qg8 0-1

[Event "9ème Open International de Rouen"]
[Site "ROUEN"]
[Date "2016.12.20"]
[Round "6.5"]
[White "Veniat, Nicolas"]
[Black "Garcia, Adrien"]
[Result "0-1"]
[WhiteElo "1847"]
[BlackElo "2011"]
[PlyCount "82"]
[EventDate "2016.??.??"]

1. e4 Nc6 2. d4 e5 3. dxe5 Nxe5 4. f4 Nc6 5. Nf3 Bc5 6. Bc4 Nf6 7. e5 Qe7
8. Qe2 Ng4 9. Nc3 O-O 10. Ne4 Bb6 11. Bd2 Na5 12. Bd3 d5 13. Neg5 f5 14. a3 c5
15. c4 d4 16. h3 Ne3 17. Bxe3 dxe3 18. Qxe3 h6 19. h4 hxg5 20. hxg5 g6 21. Rh6
Be6 22. Nh4 Qd7 23. Rd1 Rad8 24. Nxg6 Rf7 25. Bc2 Qc6 26. Rxd8+ Bxd8 27. Qh3
Rg7 28. Rh8+ Kf7 29. Qh5 Bxc4 30. Rxd8 Qxg6 31. Qxg6+ Rxg6 32. Bxf5 Rb6 33. g6+
Ke7 34. Rd7+ Kf8 35. Kf2 Nc6 36. Be4 Rxb2+ 37. Kg3 Nd4 38. Kg4 Be6+ 39. f5 Bxd7
40. Kg5 Nxf5 41. Kf6 Ng7 0-1

[Event "9ème Open International de Rouen"]
[Site "ROUEN"]
[Date "2016.12.20"]
[Round "6.6"]
[White "Piassale, Nils"]
[Black "Blondel, Jerome"]
[Result "1/2-1/2"]
[WhiteElo "1722"]
[BlackElo "1963"]
[PlyCount "61"]
[EventDate "2016.??.??"]

1. e4 d5 2. exd5 Qxd5 3. d4 Nf6 4. Nf3 Bg4 5. Be2 Nc6 6. c4 Qd6 7. Nc3 Bxf3
8. Bxf3 Nxd4 9. Bxb7 Rb8 10. Ba6 e5 11. Nb5 Qb6 12. Qa4 c6 13. Nxd4 Bb4+
14. Kf1 exd4 15. Bf4 Rd8 16. a3 Be7 17. b4 Nd7 18. Re1 Kf8 19. Rxe7 Kxe7 20. c5
Nxc5 21. bxc5 Qb1+ 22. Ke2 Qe4+ 23. Kd1 Qxf4 24. Qxc6 Qg4+ 25. Kc1 Qe6 26. Qb7+
Kf6 27. Qf3+ Qf5 28. Qc6+ Qe6 29. Qf3+ Qf5 30. Qc6+ Qe6 31. Qf3+ 1/2-1/2

[Event "9ème Open International de Rouen"]
[Site "ROUEN"]
[Date "2016.12.20"]
[Round "6.7"]
[White "Pineau, Jean-Jacques"]
[Black "Daniel, Antoine"]
[Result "0-1"]
[WhiteElo "1779"]
[BlackElo "1983"]
[PlyCount "112"]
[EventDate "2016.??.??"]

1. e4 d6 2. d4 Nf6 3. Nc3 e5 4. dxe5 dxe5 5. Qxd8+ Kxd8 6. Bg5 Be6 7. O-O-O+
Nd7 8. Nf3 h6 9. Bh4 Bd6 10. Bb5 g5 11. Bg3 a6 12. Ba4 b5 13. Bb3 Bxb3 14. axb3
b4 15. Nxe5 bxc3 16. Nxf7+ Ke7 17. Nxd6 cxb2+ 18. Kxb2 cxd6 19. Bxd6+ Kf7
20. f3 Rhe8 21. Rd4 Rac8 22. Rhd1 Rc6 23. Bg3 Nc5 24. Rd6 Rec8 25. Rxc6 Rxc6
26. Rd6 Rxd6 27. Bxd6 Ncd7 28. c4 Ke6 29. Bc7 Ne8 30. Bd8 Ke5 31. Kc3 Nc5
32. b4 Ne6 33. Bb6 Nf4 34. g3 Ne6 35. Kd3 Nd6 36. Ba7 Nd8 37. Bd4+ Ke6 38. Bg7
h5 39. Bd4 Nc6 40. Bc3 Ne5+ 41. Bxe5 Kxe5 42. c5 Nc8 43. Kc4 Ne7 44. Kd3 Nc6
45. Kc4 g4 46. fxg4 hxg4 47. b5 axb5+ 48. Kxb5 Ne7 49. Kb6 Kxe4 50. Kc7 Kd5
51. Kd7 Nc6 52. Ke8 Kxc5 53. Kf7 Ne5+ 54. Kf6 Nf3 55. Kf5 Nxh2 56. Kf4 Kd4 0-1

[Event "9ème Open International de Rouen"]
[Site "ROUEN"]
[Date "2016.12.20"]
[Round "6.8"]
[White "Adyel, Samir"]
[Black "Martine, Valentin"]
[Result "0-1"]
[WhiteElo "2076"]
[BlackElo "1619"]
[PlyCount "92"]
[EventDate "2016.??.??"]

1. d4 e6 2. e4 d5 3. Nc3 Nf6 4. Bg5 dxe4 5. Nxe4 Be7 6. Bxf6 Bxf6 7. Nf3 O-O
8. c3 b6 9. Bd3 h6 10. Qe2 Bb7 11. O-O-O Nd7 12. h4 Be7 13. g4 Nf6 14. Nxf6+
Bxf6 15. Be4 Bxe4 16. Qxe4 g6 17. Rdg1 Bg7 18. Nd2 Qd5 19. Qxd5 exd5 20. h5 g5
21. Nf1 c5 22. dxc5 bxc5 23. Ng3 Rfe8 24. Re1 Re6 25. Nf5 Rae8 26. Kd1 Kh7
27. f3 d4 28. Rxe6 fxe6 29. Nxg7 Kxg7 30. cxd4 cxd4 31. Kd2 Rc8 32. Kd3 e5
33. Re1 Kf6 34. Re2 Ke6 35. Kd2 Rf8 36. Ke1 Rxf3 37. Rc2 Kd6 38. Rc8 e4 39. Rc4
Kd5 40. Ra4 d3 41. Kd2 Rf2+ 42. Kc3 Rc2+ 43. Kb3 e3 44. Rxa7 e2 45. Rd7+ Kc6
46. Rxd3 Rxb2+ 0-1

[Event "9ème Open International de Rouen"]
[Site "ROUEN"]
[Date "2016.12.20"]
[Round "6.9"]
[White "Yuan, Beline"]
[Black "Mignot, Enzo"]
[Result "1/2-1/2"]
[WhiteElo "1800"]
[BlackElo "1869"]
[PlyCount "54"]
[EventDate "2016.??.??"]

1. d4 e6 2. c4 f5 3. Nf3 Be7 4. Nc3 Nf6 5. g3 O-O 6. Bg2 d6 7. O-O Ne4 8. Qc2
Nxc3 9. Qxc3 a5 10. a3 Nd7 11. Qc2 Nf6 12. Be3 Qe8 13. b4 Qh5 14. b5 h6 15. c5
Nd5 16. Bd2 Bd7 17. a4 b6 18. cxb6 cxb6 19. Rac1 Rac8 20. Qb3 f4 21. Rxc8 Bxc8
22. gxf4 Nxf4 23. Bxf4 Rxf4 24. Rc1 Bd7 25. Rc7 Qe8 26. Bh3 Kh8 27. Qe3 Rf6
1/2-1/2

[Event "9ème Open International de Rouen"]
[Site "ROUEN"]
[Date "2016.12.20"]
[Round "6.10"]
[White "Neiman, Emmanuel"]
[Black "Chavane, Thibaut"]
[Result "1-0"]
[WhiteElo "2274"]
[BlackElo "1792"]
[PlyCount "83"]
[EventDate "2016.??.??"]

1. Nf3 c5 2. g3 e6 3. Bg2 Nf6 4. O-O d5 5. d3 Nc6 6. Nbd2 Be7 7. e4 O-O 8. Re1
Qc7 9. e5 Nd7 10. Qe2 Re8 11. Nf1 f6 12. exf6 Bxf6 13. c4 Re7 14. Ne3 Nd4
15. Qd1 dxc4 16. dxc4 Nb6 17. Nd2 Bd7 18. Ne4 Bc6 19. Bd2 Rd8 20. Bc3 Na4
21. Nxf6+ gxf6 22. Qh5 Bxg2 23. Kxg2 Qc6+ 24. Kh3 Nxc3 25. bxc3 Nf3 26. Nd5 Rf7
27. Qxf3 exd5 28. cxd5 Qxd5 29. Re8+ Kg7 30. Qg4+ Kh6 31. Rxd8 Qxd8 32. Rd1 Qf8
33. Rd5 f5 34. Qf4+ Kg6 35. Qe5 b6 36. c4 Rf6 37. Rd7 a6 38. a4 Rf7 39. Qe6+
Rf6 40. Qd5 Rf7 41. Rd6+ Rf6 42. Rd8 1-0

[Event "9ème Open International de Rouen"]
[Site "ROUEN"]
[Date "2016.12.20"]
[Round "6.11"]
[White "Bordais, Benjamin"]
[Black "Cardon, Guillaume"]
[Result "1-0"]
[WhiteElo "2119"]
[BlackElo "1735"]
[PlyCount "131"]
[EventDate "2016.??.??"]

1. e4 c5 2. Nf3 e6 3. d4 cxd4 4. Nxd4 a6 5. Be2 b5 6. O-O Bb7 7. Bf3 d6 8. a4
bxa4 9. c3 Nd7 10. Qxa4 Nf6 11. Re1 Be7 12. e5 Nd5 13. Nf5 O-O 14. Nxd6 Bxd6
15. exd6 N5b6 16. Qf4 e5 17. Qg3 Bxf3 18. Qxf3 f5 19. Qe2 Qc8 20. Bg5 f4
21. Nd2 Nd5 22. Qc4 Qxc4 23. Nxc4 Rfe8 24. Ra5 Rac8 25. Rxd5 Rxc4 26. f3 Rb8
27. Rd2 h6 28. Bh4 Kf7 29. Bf2 g5 30. Ra1 Rc6 31. Kf1 Ke6 32. Ke2 Ra8 33. Ra5
Rxd6 34. Rxd6+ Kxd6 35. Kd3 Ke6 36. b4 Rd8 37. Rxa6+ Kf5 38. Rd6 g4 39. b5 g3
40. hxg3 fxg3 41. Be3 h5 42. b6 e4+ 43. fxe4+ Ke5 44. Rd5+ Ke6 45. Bf4 h4
46. Ke2 Rf8 47. b7 Rxf4 48. Rxd7 Rf8 49. Rh7 Rf2+ 50. Ke3 Rb2 51. Rxh4 Rxb7
52. Rg4 Rc7 53. Kf4 Rxc3 54. Rxg3 Rc1 55. Rf3 Rc8 56. g4 Rf8+ 57. Ke3 Rg8
58. Rg3 Ke5 59. g5 Ra8 60. g6 Ra3+ 61. Kf2 Rxg3 62. Kxg3 Kf6 63. Kf4 Kxg6
64. Ke5 Kf7 65. Kd6 Ke8 66. Ke6 1-0

[Event "9ème Open International de Rouen"]
[Site "ROUEN"]
[Date "2016.12.20"]
[Round "6.12"]
[White "Lelievre, Clement"]
[Black "Albaric, Etienne"]
[Result "0-1"]
[WhiteElo "1786"]
[BlackElo "2098"]
[PlyCount "144"]
[EventDate "2016.??.??"]

1. e4 c5 2. Nf3 Nc6 3. d4 cxd4 4. Nxd4 Nf6 5. Nc3 d6 6. Bc4 Bd7 7. Bb3 g6
8. Be3 Bg7 9. f3 O-O 10. Qd2 Rc8 11. O-O-O Nxd4 12. Bxd4 b5 13. Kb1 b4 14. Nd5
Nxd5 15. exd5 a5 16. Bxg7 Kxg7 17. Qd4+ Kg8 18. Rc1 Qc7 19. c3 a4 20. Bd1 a3
21. Qxb4 axb2 22. Qxb2 Rb8 23. Bb3 Rb6 24. Rhd1 Rfb8 25. Rd4 Qc5 26. Ka1 Ra8
27. Rc4 Qa5 28. Re1 e6 29. Rd4 e5 30. Rc4 Rab8 31. Rb4 Rxb4 32. cxb4 Qxb4
33. Rc1 Ba4 34. Rc4 Qe1+ 35. Rc1 Qe3 36. Qc3 Qa7 37. Bxa4 Qxa4 38. Qc4 Qa3
39. Qc3 Qa7 40. Qc7 Qd4+ 41. Rc3 Rb4 42. Qc6 Qd2 43. Rc2 Qe1+ 44. Rc1 Qe3
45. Qc3 Qb6 46. Qc6 Qd4+ 47. Qc3 Rc4 48. Qxd4 Rxd4 49. Rc2 f5 50. Kb2 Rxd5
51. a4 Kf7 52. Kb3 Ra5 53. Kb4 Ra8 54. a5 Ke6 55. Kb5 e4 56. fxe4 fxe4 57. Kb6
Ke5 58. a6 d5 59. Kb7 Rxa6 60. Kxa6 Kd4 61. Kb5 e3 62. Rc7 e2 63. Re7 Kd3
64. Kc5 Kd2 65. Kxd5 e1=Q 66. Rxe1 Kxe1 67. g4 Kf2 68. g5 Kg2 69. Ke4 Kxh2
70. Kf4 Kh3 71. Kf3 Kh4 72. Kf4 Kh5 0-1

[Event "9ème Open International de Rouen"]
[Site "ROUEN"]
[Date "2016.12.20"]
[Round "6.13"]
[White "Herault, Theotime"]
[Black "Hameau, Cyril"]
[Result "0-1"]
[WhiteElo "1772"]
[BlackElo "1879"]
[PlyCount "54"]
[EventDate "2016.??.??"]

1. d4 Nf6 2. c4 g6 3. Nc3 Bg7 4. e4 d6 5. Nf3 O-O 6. Be2 c5 7. d5 a6 8. O-O
Nbd7 9. Ne1 Ne8 10. Bd2 e5 11. g4 f5 12. f3 fxg4 13. fxg4 Rxf1+ 14. Bxf1 Ndf6
15. Be2 b5 16. g5 b4 17. gxf6 Nxf6 18. Na4 Nxe4 19. Rc1 Bd7 20. b3 Qh4 21. Be3
Rf8 22. Bf3 Ng5 23. Bxg5 Qxg5+ 24. Kh1 e4 25. Bg2 Bd4 26. Nd3 exd3 27. Rb1 Rf2
0-1

[Event "9ème Open International de Rouen"]
[Site "ROUEN"]
[Date "2016.12.20"]
[Round "6.14"]
[White "Cleaud, Cyril"]
[Black "Bordais, Dominique"]
[Result "0-1"]
[WhiteElo "1761"]
[BlackElo "1876"]
[PlyCount "70"]
[EventDate "2016.??.??"]

1. d4 d5 2. Nf3 Nf6 3. e3 e6 4. Nbd2 Be7 5. Bd3 c5 6. c3 Nc6 7. O-O O-O 8. b3
Qc7 9. Bb2 e5 10. dxe5 Nxe5 11. Nxe5 Qxe5 12. Nf3 Qh5 13. Nd2 Qh6 14. e4 Bd6
15. g3 Bg4 16. Qc2 Rfe8 17. Rfe1 Rac8 18. exd5 Nxd5 19. Ne4 Be5 20. Bc1 Qh5
21. Bd2 h6 22. Rac1 Bf3 23. Bf1 f5 24. c4 Bxe4 25. Rxe4 fxe4 26. cxd5 Bd4
27. Bg2 Qxd5 28. Re1 Rcd8 29. Bxe4 Bxf2+ 30. Kxf2 Qxd2+ 31. Qxd2 Rxd2+ 32. Kg1
Re7 33. Bh7+ Kf8 34. Rf1+ Ke8 35. Bg6+ Kd7 0-1

[Event "9ème Open International de Rouen"]
[Site "ROUEN"]
[Date "2016.12.20"]
[Round "6.15"]
[White "Bureau-Leroyer, Lola"]
[Black "Leleu, Andre"]
[Result "1/2-1/2"]
[WhiteElo "1595"]
[BlackElo "1848"]
[PlyCount "83"]
[EventDate "2016.??.??"]

1. Nf3 Nf6 2. c4 b6 3. Nc3 Bb7 4. e3 c5 5. Be2 e6 6. O-O a6 7. d4 d5 8. cxd5
Nxd5 9. Qc2 Nb4 10. Qb3 N8c6 11. a3 cxd4 12. exd4 Na5 13. Qd1 Nd5 14. Ne5 Be7
15. Na2 O-O 16. b4 Nc6 17. Qd3 f6 18. Nxc6 Bxc6 19. Qg3 Bd6 20. Qh4 Qd7 21. Bd3
f5 22. Re1 Rf6 23. Bd2 Rg6 24. f3 Be7 25. Qf2 Nf6 26. Bc4 Bd5 27. Bxd5 Nxd5
28. Nc3 Nxc3 29. Bxc3 Bd6 30. Rad1 Qc7 31. Qe3 Bxh2+ 32. Kf1 Bf4 33. Qd3 Rd8
34. Bd2 Bg3 35. Re2 b5 36. Be1 Bf4 37. Bd2 Be5 38. Qb3 Rxd4 39. Rc1 Rc4
40. Rxc4 bxc4 41. Qa4 Kf7 42. Rxe5 1/2-1/2

[Event "9ème Open International de Rouen"]
[Site "ROUEN"]
[Date "2016.12.20"]
[Round "6.16"]
[White "Andrieu, Philippe"]
[Black "Pheng, Wissam"]
[Result "1-0"]
[WhiteElo "1831"]
[BlackElo "1708"]
[PlyCount "129"]
[EventDate "2016.??.??"]

1. d4 f5 2. Nf3 g6 3. e3 Bg7 4. c4 Nf6 5. Nc3 O-O 6. Bd3 d6 7. O-O Nc6 8. Qe2
e5 9. dxe5 dxe5 10. Rd1 Qe7 11. Bc2 h6 12. Nd5 Qf7 13. Nxf6+ Bxf6 14. Rb1 Be6
15. b3 g5 16. Ba3 Rfd8 17. Rxd8+ Rxd8 18. Rd1 Rxd1+ 19. Qxd1 Qd7 20. Qe2 e4
21. Nd2 Ne5 22. Nf1 a5 23. Bb2 Ng4 24. h3 Bxb2 25. hxg4 Bc3 26. gxf5 Bxf5
27. c5 Qd5 28. b4 Qxa2 29. Qd1 Qf7 30. bxa5 Bxa5 31. Ng3 Be6 32. Qa1 b6
33. Nxe4 Qg7 34. Qa4 Bf7 35. Ng3 Qc3 36. Qe4 Qxc5 37. Qh7+ Kf8 38. Qxh6+ Ke8
39. Qh8+ Kd7 40. Bf5+ Be6 41. Bxe6+ Kxe6 42. Qc8+ Kf7 43. Qd7+ Qe7 44. Qd5+ Ke8
45. Nf5 Qf7 46. Qe5+ Kd8 47. Nd4 Qd7 48. Qh8+ Qe8 49. Nc6+ Kd7 50. Nb8+ Kd8
51. Nc6+ Kd7 52. Ne5+ Kd8 53. Qf6+ Kc8 54. Qxg5 Kb7 55. Qf5 Bc3 56. Qe4+ Ka6
57. Qd3+ Qb5 58. Qxc3 Qb1+ 59. Kh2 Qh7+ 60. Kg3 Qg7+ 61. Kf3 c5 62. Qc4+ Ka7
63. Qf7+ Qxf7+ 64. Nxf7 Ka6 65. g4 1-0